000 00754nam a2200241Ia 4500
003 OSt
005 20220923224058.0
006 a|||||r|||| 00| 0
007 ta
008 220922b |||||||| |||| 00| 0 hin d
024 _a225,264
037 _cTextual
040 _aARTS
_cARTS
_bhin
041 _2hin
_ahin
082 _aO152,6N55x, P2
100 _aजैन, वीरेन्द्र
245 0 _aअभिवादन और खेद सहित
246 _aAbhivādan aur khed sahita
260 _aनयी दिल्ली
_b वाणी प्रकाशन
_c2002
300 _a288पृ.
_ccm.
942 _hO152,6N55x, P2
_cTEXL
_2CC
999 _c369084
_d369084